| 000 | 00689nam a2200277Ia 4500 | ||
|---|---|---|---|
| 005 | 20260324120325.0 | ||
| 008 | 008 260324s9999 xx 000 0 eng d | ||
| 020 | _a9781315215280 | ||
| 037 | _aEBOOK | ||
| 040 | _aCRL | ||
| 040 | _beng | ||
| 040 | _cCRL | ||
| 041 | _2eng | ||
| 041 | _aeng | ||
| 084 | _qCRL | ||
| 100 |
_aPaul M. Pellegrino; Ellen L. Holthoff; Mikella E. Farrell _91158113 |
||
| 245 | 0 | _aLaser-Based Optical Detection of Explosives | |
| 260 | _bTaylor and Francis | ||
| 260 | _c2015 | ||
| 365 | _a | ||
| 365 | _b420 | ||
| 856 | _uhttp://www.taylorfrancis.com/books/9781315215280 | ||
| 942 | _cEBOOK | ||
| 999 |
_c1749581 _d1749581 |
||